Normal view
MARC view
- Irfan Khalid (Syn 2)
Entry Personal Name
001 - CONTROL NUMBER
- control field: 47720
003 - CONTROL NUMBER IDENTIFIER
- control field: NUST
005 - DATE AND TIME OF LATEST TRANSACTION
- control field: 20210314133905.0
008 - FIXED-LENGTH DATA ELEMENTS
- fixed length control field: 210314|| aca||aabn | a|a d
040 ## - CATALOGING SOURCE
- Original cataloging agency: NUST
- Transcribing agency: NUST
100 ## - HEADING--PERSONAL NAME
- Personal name: Irfan Khalid (Syn 2)
670 ## - SOURCE DATA FOUND
- Source citation: Work cat.: (NUST): Irfan Khalid (Syn 2), A company study on two way sold and waffle slabs, 19
